Μεθοδολογία της Έρευνας και της Ανάλυσης Δεδομένων για τις Επιστήμες της Υγείας / Β' Έκδοση (Record no. 3174)
[ view plain ]
| 000 -LEADER | |
|---|---|
| fixed length control field | 02121cam a22002054a 4500 |
| 005 - ΗΜΕΡΟΜΗΝΙΑ ΚΑΙ ΩΡΑ ΤΕΛΕΥΤΑΙΑΣ ΕΝΗΜΕΡΩΣΗΣ | |
| Πεδίο ελέγχου | 20250605164107.0 |
| 008 - FIXED-LENGTH DATA ELEMENTS--GENERAL INFORMATION | |
| Πεδίο ελέγχου σταθερού μήκους | 250528s ||||||||||||||||||||||||d |
| 035 ## - SYSTEM CONTROL NUMBER | |
| System control number | 17774 |
| 020 ## - ISBN | |
| ISBN | 9789606619649 |
| 040 ## - ΠΗΓΗ ΚΑΤΑΛΟΓΟΓΡΑΦΗΣΗΣ | |
| Φορέας πρωτότυπης καταλογογράφησης | MC Athens Campus Library |
| Γλώσσα καταλογογράφησης | Ελληνικά, Μοντέρνα (1453-) |
| Modifying agency | MC Athens Campus Library |
| Κανόνες περιγραφικής καταλογογράφησης | AACR2 |
| 245 1# - ΤΙΤΛΟΣ ΚΑΙ ΔΗΛΩΣΗ ΥΠΕΥΘΥΝΟΤΗΤΑΣ | |
| Τίτλος | Μεθοδολογία της Έρευνας και της Ανάλυσης Δεδομένων για τις Επιστήμες της Υγείας / Β' Έκδοση |
| 250 ## - EDITION STATEMENT | |
| Edition statement | 2η |
| 260 ## - PUBLICATION, DISTRIBUTION, ETC. | |
| Name of publisher, distributor, etc. | Διόνικος, |
| Date of publication, distribution, etc. | 2011 |
| 300 ## - PHYSICAL DESCRIPTION | |
| Extent | 560 |
| 520 ## - SUMMARY, ETC. | |
| Summary, etc. | Το παρόν βιβλίο υποστηρίζει την πρακτική εφαρμογή και προσφέρει νέες κατευθύνσεις, διευρύνοντας τους επιστημονικούς ορίζοντες και τη γνώση στο επιστημονικό πεδίο. Πρόλογος, Βασικές Αρχές και Εργαλεία της Έρευνας, Αρχές Σχεδιασμού και Ανάλυσης Επιδημιολογικών Μελετών, Αρχές Σχεδιασμού και Ανάλυσης Κλινικών Δοκιμών, Η Μετα-Ανάλυση, Τεχνικές Οικονομικής Αξιολόγησης, Η Δημιουργία Αποτίμησης της Κατανάλωσης Τροφίμων, Τα Συστήματα Επιτήρησης της Υγείας του Πληθυσμού: Τεχνικές Ανάλυσης Διαχρονικών Δεδομένων, Νεώτερες Μέθοδοι Έρευνας με τη Χρήση Υπολογιστικών Δικτύων: Τηλεϊατρική, Μέθοδοι Αξιολόγησης της Διαγνωστικής Ικανότητας Δοκιμασιών, Αρχές Ελέγχου Ποιότητας, Στάθμιση για την Ενεργειακή Πρόσληψη στις Κλινικές Έρευνες, Μέθοδοι Ανάλυσης Διατροφικών Προτύπων, Προτεινόμενη Βιβλιογραφία. |
| 700 1# - ΠΡΟΣΘΕΤΗ ΑΝΑΓΡΑΦΗ--ΦΥΣΙΚΟ ΠΡΟΣΩΠΟ | |
| Personal name | Παναγιωτακος Δημοσθενης Β |
| 9 (RLIN) | 4009 |
| 942 ## - ADDED ENTRY ELEMENTS (KOHA) | |
| Koha item type | Books |
| Τύπος τεκμηρίου | Βιβλιοθήκη | Τρέχουσα τοποθεσία | Barcode | Αριθμός εισαγωγής | Ημερομηνία απόκτησης | Ταξιθετικό σύμβολο | Αριθμός αντιτύπου | Κατάσταση απόσυρσης | Κατάσταση χαμένου | Κατάσταση κατεστραμμένου | Μη δανεισμός | Σύνολο δανεισμών | Ημερομηνία τελευταίας εμφάνισης | Η τιμή ισχύει από |
|---|---|---|---|---|---|---|---|---|---|---|---|---|---|---|
| Books | MC Athens Campus Library | MC Athens Campus Library | 9780000031730 | 7152 | 05/06/2025 | 610.727 PAN | 1 | 05/06/2025 | 05/06/2025 |